[Event "Medellin Flores op 30th"]
[Site "Medellin"]
[Date "2023.08.04"]
[Round "2"]
[White "Hernandez, Deyner Andres"]
[Black "Giron Ochoa, Cesar Augusto"]
[Result "0-1"]
[WhiteElo "1593"]
[BlackElo "1880"]
[PlyCount "78"]
[EventDate "2023.08.03"]
[EventType "swiss"]
[EventRounds "9"]
[EventCountry "COL"]
[SourceTitle "EXT 2024"]
[Source "ChessBase"]
[SourceDate "2023.10.10"]
[SourceVersion "1"]
[SourceVersionDate "2023.10.10"]
[SourceQuality "1"]

1. e4 c6 2. d4 d5 3. exd5 cxd5 4. Bd3 Nf6 5. h3 Nc6 6. c3 g6 7. Bf4 Bg7 8. Nf3 0-0 9. 0-0 Ne4 10. Re1 f5 11. Qc1 e6 12. Bh6 a6 13. Qf4 Bxh6 14. Qxh6 Qf6 15. Nbd2 Bd7 16. Re2 Qg7 17. Qf4 g5 18. Qc7 g4 19. hxg4 fxg4 20. Ne5 Nxe5 21. Qxe5 Qxe5 22. dxe5 Nxd2 23. Rxd2 b5 24. Kh2 Be8 25. Kg3 h5 26. Rad1 Ra7 27. a4 Kg7 28. axb5 axb5 29. f3 gxf3 30. gxf3 Kh6 31. f4 Rg7+ 32. Kf3 h4 33. Rh1 Rg3+ 34. Ke2 Bh5+ 35. Ke1 Rxf4 36. Be2 Re3 37. Kd1 Bxe2+ 38. Rxe2 Rxe2 39. Kxe2 Kg5 0-1

[Event "Antioquia op"]
[Site "Medellin"]
[Date "2014.04.05"]
[Round "4"]
[White "Uribe Sanchez, Alejandro"]
[Black "Giron Ochoa, Cesar Augusto"]
[Result "1-0"]
[WhiteElo "1992"]
[BlackElo "1684"]
[PlyCount "107"]
[EventDate "2014.04.03"]
[EventType "swiss"]
[EventRounds "7"]
[EventCountry "COL"]
[SourceTitle "CBM 159 Extra"]
[Source "ChessBase"]
[SourceDate "2014.04.24"]
[SourceVersion "1"]
[SourceVersionDate "2014.04.24"]
[SourceQuality "1"]

1. e4 c5 2. Nf3 d6 3. d4 cxd4 4. Nxd4 Nf6 5. Nc3 a6 6. Be2 e5 7. Nb3 Be6 8. Bg5 Be7 9. 0-0 Nbd7 10. a4 Rc8 11. Be3 0-0 12. a5 Bc4 13. f3 Bxe2 14. Qxe2 Qc7 15. Rfd1 Rfd8 16. Rd2 Qc4 17. Qxc4 Rxc4 18. Na4 Rdc8 19. c3 Ne8 20. Nc1 Bd8 21. b4 h6 22. Ne2 Bg5 23. Bxg5 hxg5 24. Nb2 R4c6 25. c4 Nf8 26. Nc3 Ne6 27. Nd5 Kf8 28. Nb6 R8c7 29. Kf2 Nd4 30. Ra3 Nf6 31. h3 Re7 32. N2a4 Re8 33. Rad3 Rc7 34. Rb2 Nd7 35. Rd1 Nxb6 36. Nxb6 Re6 37. b5 Ke8 38. Nd5 Rc8 39. bxa6 bxa6 40. Rb6 Kf8 41. Rxa6 Rxc4 42. Ra8+ Re8 43. Rxe8+ Kxe8 44. Ra1 Rc2+ 45. Kf1 Nb3 46. Ra3 Nd2+ 47. Ke1 Nc4 48. Ra1 Rxg2 49. Kf1 Rh2 50. Kg1 Rc2 51. a6 Nd2 52. a7 Nxf3+ 53. Kf1 f6 54. a8Q+ 1-0

[Event "Antioquia op"]
[Site "Medellin"]
[Date "2014.04.03"]
[Round "1"]
[White "Ojeda, Jesus David"]
[Black "Giron Ochoa, Cesar Augusto"]
[Result "1-0"]
[WhiteElo "2087"]
[BlackElo "1684"]
[PlyCount "67"]
[EventDate "2014.04.03"]
[EventType "swiss"]
[EventRounds "7"]
[EventCountry "COL"]
[SourceTitle "CBM 159 Extra"]
[Source "ChessBase"]
[SourceDate "2014.04.24"]
[SourceVersion "1"]
[SourceVersionDate "2014.04.24"]
[SourceQuality "1"]

1. c4 c6 2. Nf3 Nf6 3. d4 d5 4. Nc3 e6 5. Bg5 Nbd7 6. e3 Qa5 7. Nd2 dxc4 8. Bxf6 Nxf6 9. Nxc4 Qg5 10. f4 Qg4 11. Qc2 Bb4 12. Ne5 Qh5 13. Be2 Qf5 14. Bd3 Qh5 15. h4 Ng4 16. Qd1 f5 17. Be2 Bd7 18. a3 Bd6 19. Bxg4 fxg4 20. Nxg4 0-0-0 21. Ne4 Be7 22. Ne5 Qe8 23. h5 Kb8 24. Qb3 Bc8 25. 0-0-0 Rd5 26. Nc3 Rd8 27. Kb1 Qf8 28. Nxc6+ Ka8 29. Nb5 Bd6 30. Ncxa7 Bd7 31. Qa4 Kb8 32. Rc1 Qf5+ 33. Ka1 Qd5 34. Nc8 1-0

[Event "Medellin de Segunda Cat. Antioquia"]
[Site "Medellin"]
[Date "2014.03.27"]
[Round "6.15"]
[White "Giron Ochoa, Cesar Augusto"]
[Black "Pena, Alcides"]
[Result "1-0"]
[WhiteElo "1699"]
[BlackElo "1850"]
[PlyCount "117"]
[EventDate "2014.03.19"]
[EventType "swiss"]
[EventRounds "7"]
[EventCountry "COL"]
[SourceTitle "EXT 2024"]
[Source "ChessBase"]
[SourceDate "2023.10.10"]
[SourceVersion "1"]
[SourceVersionDate "2023.10.10"]
[SourceQuality "1"]

1. e4 e5 2. Nf3 Nc6 3. Bb5 a6 4. Ba4 Nf6 5. 0-0 Be7 6. Re1 b5 7. Bb3 d6 8. c3 0-0 9. d4 Bg4 10. Be3 Na5 11. Bc2 Nc4 12. Bc1 c5 13. b3 Bxf3 14. Qxf3 Nb6 15. dxe5 dxe5 16. Nd2 Qc7 17. Nf1 Rad8 18. Bg5 Rd6 19. Rad1 Rfd8 20. Ne3 g6 21. Bxf6 Bxf6 22. Nd5 Nxd5 23. Rxd5 Bg7 24. c4 Rxd5 25. cxd5 Rd6 26. Rd1 Bh6 27. g3 Qa5 28. Qd3 Qb4 29. Kg2 c4 30. bxc4 bxc4 31. Qe2 c3 32. Rb1 Qd4 33. Rd1 Bd2 34. Rb1 Rb6 35. Rxb6 Qxb6 36. Qd3 Qb5 37. Qxb5 axb5 38. Kf1 Bg5 39. Ke2 Be7 40. Kd3 b4 41. Kc4 Kf8 42. Kb5 Ke8 43. Kc6 Kd8 44. Ba4 h5 45. d6 Bg5 46. Kc5 Bd2 47. Kd5 Be1 48. f3 g5 49. Kxe5 c2 50. Bxc2 Bc3+ 51. Kf5 f6 52. f4 gxf4 53. gxf4 h4 54. h3 Bd4 55. e5 fxe5 56. fxe5 Bc5 57. Ba4 Kc8 58. Ke6 Kd8 59. Kd5 1-0

[Event "Medellin de Segunda Cat. Antioquia"]
[Site "Medellin"]
[Date "2014.03.25"]
[Round "4.13"]
[White "Velez Alvarez, Laura Camila"]
[Black "Giron Ochoa, Cesar Augusto"]
[Result "1/2-1/2"]
[WhiteElo "1844"]
[BlackElo "1699"]
[PlyCount "34"]
[EventDate "2014.03.19"]
[EventType "swiss"]
[EventRounds "7"]
[EventCountry "COL"]
[SourceTitle "EXT 2024"]
[Source "ChessBase"]
[SourceDate "2023.10.10"]
[SourceVersion "1"]
[SourceVersionDate "2023.10.10"]
[SourceQuality "1"]

1. e4 c5 2. Nf3 d6 3. d4 cxd4 4. Nxd4 Nf6 5. f3 a6 6. c4 g6 7. Be3 Bg7 8. Qd2 Nc6 9. Nc3 Nxd4 10. Bxd4 0-0 11. Be2 Be6 12. 0-0 Rc8 13. b3 Nd7 14. Rac1 Bxd4+ 15. Qxd4 Qb6 16. Qxb6 Nxb6 17. Rfe1 Rc7 1/2-1/2